[Event "Gladbeck- Rüttenscheid"]
[Site "?"]
[Date "2023.02.26"]
[Round "5.2"]
[White "Frohne, Gerd"]
[Black "Dorgarten, Armin"]
[Result "1/2-1/2"]
[WhiteElo "2103"]
[BlackElo "2062"]
[PlyCount "106"]
[SourceDate "2022.10.02"]

1. d4 d6 2. c4 e5 3. e3 Nf6 4. Nc3 c6 5. Nf3 Qc7 6. Be2 Be7 7. O-O O-O 8. b3 a6
9. a4 e4 10. Nd2 d5 11. f3 Bb4 12. Bb2 Bf5 13. f4 Qd7 14. Re1 Kh8 15. Na2 Bd6
16. Nf1 Rg8 17. c5 Bc7 18. Qd2 g5 19. b4 Qe6 20. Nc1 Nbd7 21. Ra3 Rg7 22. Bd1
Rag8 23. g3 h5 24. b5 h4 25. Ne2 Bh3 26. bxa6 bxa6 27. Bc1 Bxf1 28. Rxf1 hxg3
29. Nxg3 gxf4 30. exf4 Ng4 31. Qg2 Ndf6 32. f5 Qc8 33. Bf4 Rh7 34. h3 Nh6 35.
Be5 Bxe5 36. dxe5 Nd7 37. Qb2 f6 38. exf6 Nf7 39. Bg4 Nde5 40. Rb3 Nxg4 41.
hxg4 Qc7 42. Kg2 Rxg4 43. Rb8+ Rg8 44. Rxg8+ Kxg8 45. Rb1 Ng5 46. Qb8+ Qxb8 47.
Rxb8+ Kf7 48. Rb6 Kxf6 49. Rxc6+ Ke5 50. Rxa6 e3 51. Rg6 Kf4 52. f6 d4 53. Ne2+
Kf5 1/2-1/2

[Event "Gladbeck- Rüttenscheid"]
[Site "?"]
[Date "2023.02.26"]
[Round "5.3"]
[White "Kreitling, Oliver"]
[Black "Berg, Dietmar"]
[Result "1-0"]
[WhiteElo "1897"]
[BlackElo "2076"]
[PlyCount "97"]
[SourceDate "2022.10.02"]

1. Nf3 Nf6 2. d4 e6 3. g3 b6 4. Bg2 Bb7 5. O-O Be7 6. c4 O-O 7. Nc3 d6 8. Re1
Nbd7 9. e4 e5 10. d5 a5 11. b3 Nc5 12. a4 Bc8 13. Nh4 g6 14. Bh6 Re8 15. h3 Kh8
16. Bg5 Bd7 17. Rb1 Nxd5 18. Bxe7 Nxe7 19. f4 Rc8 20. fxe5 dxe5 21. Qf3 f5 22.
Red1 Rf8 23. Qe3 Qe8 24. Qg5 Ne6 25. Qd2 Rd8 26. exf5 gxf5 27. Qe2 e4 28. Nd5
Nxd5 29. Rxd5 Nc5 30. Qb2+ Kg8 31. Rf1 Qh5 32. Qe5 Qh6 33. Nxf5 Bxf5 34. Rxd8
Rxd8 35. Rxf5 Rf8 36. Rg5+ Kf7 37. Qxc7+ Ke8 38. Re5+ Ne6 39. Qc6+ Ke7 40. Qc7+
Ke8 41. Qc6+ Ke7 42. Qxe4 Rd8 43. Rd5 Qc1+ 44. Kh2 Rg8 45. Qxh7+ Rg7 46. Qh4+
Ke8 47. Qe4 Ke7 48. Rb5 Qc3 49. Qh4+ 1-0

[Event "Gladbeck- Rüttenscheid"]
[Site "?"]
[Date "2023.02.26"]
[Round "5.4"]
[White "Kruse, Peter"]
[Black "Furchtbar, Uwe"]
[Result "1/2-1/2"]
[WhiteElo "1952"]
[BlackElo "1908"]
[Annotator "daniel"]
[PlyCount "92"]
[SourceDate "2022.10.02"]

1. c4 e5 2. Nc3 Nc6 3. g3 f5 4. Bg2 Nf6 5. e3 d5 6. Qa4 Bd7 7. Nxd5 Nxd5 8.
cxd5 Nb4 9. Qb3 e4 10. Bf1 c6 11. a3 Nxd5 12. Bc4 Qb6 13. d4 Qxb3 14. Bxb3 Be6
15. Ba2 Bd6 16. Ne2 Ke7 17. Bd2 Rhf8 18. Nc3 Nb6 19. Bxe6 Kxe6 20. b3 Rf7 21.
a4 Rc8 22. Ke2 Nd5 23. Nxd5 cxd5 24. Rhc1 $11 Rfc7 25. Rxc7 Rxc7 26. Rc1 g5 27.
Rxc7 Bxc7 28. Bc1 Bd6 29. Bd2 f4 30. exf4 g4 $11 31. Kd1 Bc7 32. Bb4 a6 33. a5
Kd7 34. Bc3 Kc6 35. Ke2 Bd8 36. Kd2 Be7 37. Kc2 Kb5 38. Kd1 Bf6 39. Ke2 Bg7 40.
Kf1 Bf6 41. Kg2 h5 42. h4 b6 43. axb6 Kxb6 44. Kf1 a5 45. Ke2 Kb5 46. Ke3 Bg7
1/2-1/2

[Event "Gladbeck- Rüttenscheid"]
[Site "?"]
[Date "2023.02.26"]
[Round "5.5"]
[White "Storp, Thomas"]
[Black "Rickert, Stefan"]
[Result "1-0"]
[WhiteElo "1858"]
[BlackElo "2031"]
[PlyCount "49"]
[SourceDate "2022.10.02"]

1. c4 Nf6 2. d4 d5 3. cxd5 Nxd5 4. e4 Nf6 5. Nc3 e6 6. Nf3 Be7 7. Bd3 O-O 8.
O-O c5 9. Be3 cxd4 10. Bxd4 Nc6 11. Be3 Qa5 12. a3 Rd8 13. Qc2 Ng4 14. Bf4 e5
15. Bg3 Be6 16. b4 Qc7 17. Nd5 Qd6 18. Rad1 Rac8 19. Qb1 f6 20. Bc2 Qb8 21. b5
Bxd5 22. exd5 Na5 23. Bxh7+ Kh8 24. Bf5 Rc4 25. Nd4 1-0

[Event "Gladbeck- Rüttenscheid"]
[Site "?"]
[Date "2023.02.26"]
[Round "5.6"]
[White "Busch, Udo"]
[Black "Koprek, Juergen"]
[Result "0-1"]
[WhiteElo "1781"]
[BlackElo "1843"]
[PlyCount "100"]
[SourceDate "2022.10.02"]

1. d4 d5 2. c4 e6 3. Nc3 Be7 4. Nf3 Nf6 5. Bg5 Nbd7 6. e3 c6 7. Rc1 O-O 8. Bd3
dxc4 9. Bxc4 Nd5 10. Bxe7 Qxe7 11. O-O Nxc3 12. bxc3 e5 13. Qc2 Kh8 14. e4 f6
15. Nh4 g6 16. f4 Nb6 17. Bb3 Be6 18. Bxe6 Qxe6 19. f5 gxf5 20. Rxf5 Nc4 21.
Qe2 Rf7 22. Rcf1 Rg8 23. d5 cxd5 24. exd5 Qxd5 25. Rxf6 Rfg7 26. Rf8 Qc5+ 27.
Qf2 Qxf2+ 28. R1xf2 Rd7 29. R8f7 Rgd8 30. Rxd7 Rxd7 31. Re2 Kg7 32. Re4 b5 33.
a4 a6 34. axb5 axb5 35. Nf5+ Kf6 36. Ne3 Nxe3 37. Rxe3 Kf5 38. Kf1 e4 39. Ke2
Rg7 40. g3 h5 41. Kd2 Ra7 42. Re2 Ke5 43. Ke3 Rc7 44. Kd2 Rd7+ 45. Kc2 Rd3 46.
Kb3 e3 47. h3 Ke4 48. Kc2 Rd5 49. g4 Kf3 50. Rh2 e2 0-1

[Event "Gladbeck- Rüttenscheid"]
[Site "?"]
[Date "2023.02.26"]
[Round "5.7"]
[White "Busacker, Holger"]
[Black "Wendt, Peter"]
[Result "1-0"]
[WhiteElo "1932"]
[BlackElo "1776"]
[PlyCount "95"]
[SourceDate "2022.10.02"]

1. e4 d6 2. d4 Nf6 3. Nc3 g6 4. f4 Bg7 5. Nf3 c6 6. Be3 O-O 7. h3 b5 8. Bd3 b4
9. Ne2 a5 10. c4 Na6 11. O-O c5 12. d5 Nd7 13. Qd2 Nc7 14. Rad1 a4 15. e5 Nb6
16. Ng3 Ba6 17. b3 axb3 18. axb3 Bb7 19. Ra1 f5 20. exf6 Bxf6 21. Rxa8 Qxa8 22.
f5 Bc3 23. Qc2 Qa3 24. fxg6 hxg6 25. Bxg6 Qb2 26. Qxb2 Bxb2 27. Bg5 Nc8 28. Bf5
Rf7 29. Bg6 Rg7 30. Bh5 e5 31. Ne4 Ba6 32. Nf6+ Kh8 33. Bg4 e4 34. Nxe4 Nxd5
35. Bxc8 Bxc8 36. cxd5 Bb7 37. Rd1 Rg6 38. Nh4 Rg8 39. Nf5 Be5 40. h4 Rg6 41.
Be7 Rg4 42. Nexd6 Bxd6 43. Bxd6 Bc8 44. Ne7 Bd7 45. g3 Re4 46. Bxc5 Bh3 47. d6
Re2 48. Ng6+ 1-0

[Event "Gladbeck- Rüttenscheid"]
[Site "?"]
[Date "2023.02.26"]
[Round "5.8"]
[White "Weber, Torsten"]
[Black "Voelkel, Juergen"]
[Result "0-1"]
[WhiteElo "1754"]
[BlackElo "1803"]
[PlyCount "42"]
[SourceDate "2022.10.02"]

1. c4 Nf6 2. g3 e6 3. Bg2 d5 4. d4 Bb4+ 5. Nc3 O-O 6. cxd5 exd5 7. Nf3 c6 8.
O-O Re8 9. Qc2 Nbd7 10. Ne1 Nf8 11. Nd3 Bd6 12. Bd2 Bf5 13. Rad1 Qd7 14. Rfe1
Ne6 15. e4 dxe4 16. Nxe4 Nxe4 17. Bxe4 Nxd4 18. Bxf5 Qxf5 19. Rxe8+ Rxe8 20.
Qc4 Re4 21. Qc1 Ne2+ 0-1

[Event "Buer- Hansa 2"]
[Site "?"]
[Date "2023.02.26"]
[Round "5.1"]
[White "Zelt, Jens"]
[Black "Griebl, Joern"]
[Result "0-1"]
[WhiteElo "2086"]
[BlackElo "2249"]
[PlyCount "114"]
[SourceDate "2022.10.02"]

1. d4 Nf6 2. Nf3 e6 3. c3 b6 4. Bf4 Bb7 5. e3 d6 6. h3 Nbd7 7. Nbd2 Ne4 8. Nxe4
Bxe4 9. Be2 Be7 10. O-O f5 11. Nd2 Bb7 12. Qb3 d5 13. c4 c6 14. cxd5 exd5 15.
Qc2 O-O 16. Bd3 g6 17. Nf3 Nf6 18. Ne5 Rc8 19. Rac1 Nd7 20. Qa4 Nxe5 21. Bxe5
a5 22. Qb3 b5 23. a3 Qd7 24. f4 Qe6 25. e4 fxe4 26. Bxe4 a4 27. Qa2 Bd6 28. Bf3
Bxe5 29. fxe5 Qe7 30. Be2 Qh4 31. Bg4 Rce8 32. Qb1 Bc8 33. Rxc6 Bxg4 34. hxg4
Qxg4 35. Qd3 Rxf1+ 36. Kxf1 Rf8+ 37. Kg1 Rf4 38. Rc1 Rxd4 39. Qxb5 Rd1+ 40.
Rxd1 Qxd1+ 41. Kh2 Qh5+ 42. Kg1 Qxe5 43. Qxa4 Qe3+ 44. Kh2 d4 45. Qd7 d3 46.
Qd8+ Kg7 47. Qc7+ Kh6 48. Qd8 d2 49. Qd6 Qf2 50. Kh3 Kg5 51. Qe7+ Kf4 52. Qd6+
Ke3 53. Qe5+ Kd3 54. Qb5+ Kc2 55. Qc4+ Kb1 56. Qd3+ Ka1 57. b4 Qf5+ 0-1

[Event "Buer- Hansa 2"]
[Site "?"]
[Date "2023.02.26"]
[Round "5.2"]
[White "Hammerich, Simon"]
[Black "Dawid, Adalbert"]
[Result "1-0"]
[WhiteElo "2021"]
[BlackElo "2120"]
[PlyCount "73"]
[SourceDate "2022.10.02"]

1. c4 e6 2. d4 Nf6 3. Nf3 d5 4. Nc3 c6 5. g3 Nbd7 6. Bg2 Bd6 7. O-O O-O 8. Nd2
Re8 9. e4 dxe4 10. Ndxe4 Nxe4 11. Nxe4 Bf8 12. Bf4 Qb6 13. Rb1 e5 14. Be3 exd4
15. Bxd4 c5 16. Be3 Ne5 17. b4 Nxc4 18. Bxc5 Qa6 19. Bxf8 Rxf8 20. Qd4 Be6 21.
Nc5 Qxa2 22. Nxe6 fxe6 23. Ra1 Qb3 24. Rfb1 Qc2 25. Rc1 Qb2 26. Qxc4 Qxf2+ 27.
Kh1 Qb6 28. Re1 Rf6 29. Re5 Rd8 30. Rae1 Kf7 31. Rb5 Qf2 32. Rxb7+ Kg8 33. Rc1
Rh6 34. Qc7 Qd4 35. Qf7+ Kh8 36. Rf1 Rg8 37. Qxg8+ 1-0

[Event "Buer- Hansa 2"]
[Site "?"]
[Date "2023.02.26"]
[Round "5.3"]
[White "Werner, Patrick"]
[Black "Wolff, Christoph"]
[Result "0-1"]
[WhiteElo "1882"]
[BlackElo "1986"]
[PlyCount "56"]
[SourceDate "2022.10.02"]

1. Nf3 Nf6 2. g3 g6 3. b3 Bg7 4. Bb2 O-O 5. Bg2 c5 6. O-O Nc6 7. c4 d6 8. d4
Bf5 9. dxc5 dxc5 10. Nbd2 Qc7 11. Re1 Rfd8 12. Nh4 Ne4 13. Bxe4 Bxb2 14. Nxf5
gxf5 15. Rb1 Bc3 16. Bd3 e5 17. Qc2 Bxd2 18. Qxd2 Qe7 19. Qc3 e4 20. Bc2 Nd4
21. Kg2 Rd6 22. e3 Nf3 23. Red1 Rh6 24. h3 Qg5 25. Rd5 Qh5 26. Bxe4 Qxh3+ 27.
Kxf3 Qg4+ 28. Kg2 Qxe4+ 0-1

[Event "Buer- Hansa 2"]
[Site "?"]
[Date "2023.02.26"]
[Round "5.4"]
[White "Wiechen, Ulrich"]
[Black "Wolffgang, Georg"]
[Result "0-1"]
[WhiteElo "2156"]
[BlackElo "1919"]
[PlyCount "106"]
[SourceDate "2022.10.02"]

1. e4 c6 2. d4 d5 3. Nc3 dxe4 4. Nxe4 Nf6 5. Nxf6+ exf6 6. c3 Bd6 7. Bd3 O-O 8.
h3 Re8+ 9. Ne2 Nd7 10. Qc2 Nf8 11. Be3 Be6 12. O-O Qd7 13. Bf4 Ng6 14. Bxd6
Qxd6 15. f4 Bd7 16. Rad1 Re3 17. f5 Nf8 18. Nf4 Rae8 19. Qf2 c5 20. d5 b5 21.
Bc2 c4 22. Rd2 Qe5 23. g4 h5 24. Nxh5 Rxh3 25. Nf4 Rh6 26. Re2 Qc7 27. Rxe8
Bxe8 28. Re1 Bd7 29. Be4 Nh7 30. Bg2 Ng5 31. Qd4 Qd6 32. Re3 Rh4 33. Ne2 Bxf5
34. Qxa7 Qh2+ 35. Kf1 Rxg4 36. Qa8+ Kh7 37. d6 Qxd6 38. Qd5 Qxd5 39. Bxd5 Be4
40. Bxe4+ Rxe4 41. Rg3 Ne6 42. Kf2 g5 43. Kf3 f5 44. Rh3+ Kg7 45. Rh2 Re5 46.
Ng3 f4 47. Re2 Rxe2 48. Nxe2 f5 49. b3 cxb3 50. axb3 Kf6 51. c4 bxc4 52. bxc4
Ke5 53. Kf2 Kd6 0-1

[Event "Buer- Hansa 2"]
[Site "?"]
[Date "2023.02.26"]
[Round "5.5"]
[White "Schaepers, Lars"]
[Black "Winzbeck, Frank"]
[Result "1-0"]
[WhiteElo "1806"]
[BlackElo "1867"]
[PlyCount "59"]
[SourceDate "2022.10.02"]

1. d4 Nf6 2. c4 e6 3. Nf3 b6 4. Nc3 Bb7 5. e3 d5 6. Bd3 Be7 7. O-O Nbd7 8. cxd5
exd5 9. b3 O-O 10. Bb2 Ne4 11. Qc2 f5 12. Nd2 Ndf6 13. f3 Nxd2 14. Qxd2 g6 15.
Rae1 Rc8 16. e4 dxe4 17. Bc4+ Kg7 18. fxe4 Nxe4 19. Nxe4 Bxe4 20. Be6 Rb8 21.
Re3 Bf6 22. d5 Qe7 23. Bxf6+ Rxf6 24. Qc3 c5 25. g4 Re8 26. g5 Ref8 27. gxf6+
Rxf6 28. Qe5 h5 29. Rc1 Kh7 30. Bg8+ 1-0

[Event "Buer- Hansa 2"]
[Site "?"]
[Date "2023.02.26"]
[Round "5.6"]
[White "Hirschberg, Markus"]
[Black "Faymonville, Maxime"]
[Result "1/2-1/2"]
[WhiteElo "1837"]
[BlackElo "1587"]
[PlyCount "63"]
[SourceDate "2022.10.02"]

1. e4 e6 2. d4 d5 3. Nc3 Nf6 4. Bg5 Be7 5. e5 Nfd7 6. Bxe7 Qxe7 7. f4 Nb6 8.
Qg4 f6 9. Bd3 f5 10. Qh5+ Qf7 11. Qh3 Nc6 12. Nf3 Bd7 13. Qh4 Nb4 14. O-O Nxd3
15. cxd3 Qe7 16. Qxe7+ Kxe7 17. a4 a5 18. Rfb1 Rhc8 19. b4 axb4 20. Rxb4 Ra5
21. Nd2 Rb8 22. Nb3 Ra7 23. Nc5 Ra5 24. Nb3 Ra7 25. a5 Na8 26. Kf2 b6 27. Nc5
Kd8 28. a6 c6 29. Nb7+ Kc7 30. Nd6 Kd8 31. Nb7+ Kc7 32. Nd6 1/2-1/2

[Event "Buer- Hansa 2"]
[Site "?"]
[Date "2023.02.26"]
[Round "5.7"]
[White "Zhang, Jingfu"]
[Black "Gritzan, Ulrich"]
[Result "0-1"]
[WhiteElo "1663"]
[BlackElo "1894"]
[Annotator "daniel"]
[PlyCount "104"]
[SourceDate "2022.10.02"]

1. d4 d5 2. c4 e6 3. Nf3 Nf6 4. Nc3 c5 5. Bg5 cxd4 6. Nxd4 Be7 7. e3 a6 8. Bd3
Nbd7 9. cxd5 Nxd5 10. Bxe7 Nxe7 11. O-O O-O 12. Ne4 Ne5 13. Bc2 N7g6 14. Qh5
$11 Qh4 15. Qxh4 Nxh4 16. Rfd1 Bd7 17. Rac1 Rfd8 18. Bb1 Rac8 19. b3 Rxc1 20.
Rxc1 Nc6 21. Nxc6 Bxc6 22. f3 f5 23. Nf2 Rd2 24. Rc2 Rd5 25. Rc4 g5 26. Nd3 Bb5
27. Rd4 Bxd3 28. Bxd3 Rxd4 29. exd4 Kf7 30. a4 Ke7 31. Kf2 Kd6 32. g3 Ng6 33.
Bc4 h5 34. h3 h4 35. g4 Nf4 36. gxf5 Nxh3+ 37. Kf1 exf5 38. Bd3 Ke6 39. d5+ Ke5
40. d6 Kxd6 41. Bxf5 Nf4 42. Be4 b6 43. b4 a5 44. bxa5 bxa5 45. Kg1 Kc5 46. Kh2
Kd4 47. Bc6 Ke3 48. Bb7 Nd3 49. Kh3 Kf4 50. Kg2 Ne1+ 51. Kf2 h3 52. Ba6 h2 0-1

[Event "Buer- Hansa 2"]
[Site "?"]
[Date "2023.02.26"]
[Round "5.8"]
[White "Lazarev, Vadim"]
[Black "Reinacher, Detlef"]
[Result "1-0"]
[WhiteElo "1805"]
[BlackElo "1671"]
[PlyCount "71"]
[SourceDate "2022.10.02"]

1. e4 d6 2. d4 g6 3. g3 Bg7 4. Bg2 Nf6 5. Ne2 O-O 6. Be3 c6 7. Nbc3 Nbd7 8. Qd2
Re8 9. Bh6 Bh8 10. h4 a6 11. h5 e5 12. hxg6 fxg6 13. O-O-O Qc7 14. f4 Ng4 15.
dxe5 dxe5 16. Nd5 Qd6 17. Ndc3 Qxd2+ 18. Rxd2 Nxh6 19. Rxh6 Nf6 20. Rh4 Ng4 21.
Bh3 h5 22. Rd6 Be6 23. f5 gxf5 24. exf5 Bf7 25. Bxg4 hxg4 26. Rxg4+ Kf8 27. Rh4
Ke7 28. Ne4 Rg8 29. Rh7 Raf8 30. N2c3 Ke8 31. b3 Ke7 32. Kb2 Rg4 33. Rdh6 Rgg8
34. g4 Rd8 35. f6+ Ke6 36. Nc5+ 1-0

[Event "Oberhausen- Dortmund"]
[Site "?"]
[Date "2023.02.26"]
[Round "5.1"]
[White "Schulenburg, Pit"]
[Black "Puetter, Pascal"]
[Result "1/2-1/2"]
[WhiteElo "2256"]
[BlackElo "2002"]
[PlyCount "29"]
[SourceDate "2022.10.02"]

1. d4 d5 2. c4 e6 3. Nc3 Nf6 4. Bg5 dxc4 5. e3 c5 6. Nf3 h6 7. Bh4 Nc6 8. Bxc4
Be7 9. O-O cxd4 10. exd4 O-O 11. a3 a6 12. Rc1 b5 13. Ba2 Bb7 14. Bxf6 Bxf6 15.
d5 1/2-1/2

[Event "Oberhausen- Dortmund"]
[Site "?"]
[Date "2023.02.26"]
[Round "5.2"]
[White "Kyas, Jens"]
[Black "Mallee, Ralph"]
[Result "0-1"]
[WhiteElo "1629"]
[BlackElo "2058"]
[PlyCount "50"]
[SourceDate "2022.10.02"]

1. e4 e5 2. Nf3 Nc6 3. Bb5 f5 4. Nc3 fxe4 5. Nxe4 d5 6. Nxe5 dxe4 7. Nxc6 Qd5
8. c4 Qd6 9. Nxa7+ Bd7 10. Bxd7+ Qxd7 11. Qh5+ g6 12. Qe5+ Kf7 13. Qxh8 Nf6 14.
d4 Bb4+ 15. Kf1 Rxh8 16. Nb5 c6 17. Nc3 Qxd4 18. Be3 Qxc4+ 19. Ne2 Rd8 20. a3
Qa2 21. Rc1 Bd2 22. Rd1 Bxe3 23. Rxd8 Qb1+ 24. Nc1 Qxc1+ 25. Ke2 Qxh1 0-1

[Event "Oberhausen- Dortmund"]
[Site "?"]
[Date "2023.02.26"]
[Round "5.3"]
[White "Boehmfeldt, Bruno"]
[Black "Heintze, Sven"]
[Result "1/2-1/2"]
[WhiteElo "2275"]
[BlackElo "1779"]
[PlyCount "39"]
[SourceDate "2022.10.02"]

1. Nf3 d5 2. g3 Nf6 3. Bg2 e6 4. O-O Be7 5. d3 O-O 6. Nbd2 b6 7. e4 dxe4 8. Ng5
Bb7 9. Re1 Nbd7 10. Ngxe4 Rb8 11. Qe2 Nc5 12. Nxc5 Bxc5 13. Bxb7 Rxb7 14. Nb3
Qd5 15. c4 Qf5 16. Nxc5 Qxc5 17. Be3 Qf5 18. d4 c6 19. Bf4 Rd7 20. Rad1 1/2-1/2

[Event "Oberhausen- Dortmund"]
[Site "?"]
[Date "2023.02.26"]
[Round "5.4"]
[White "Kuckelkorn, Joerg"]
[Black "Brockmann, Fabian"]
[Result "0-1"]
[WhiteElo "1820"]
[BlackElo "2003"]
[PlyCount "68"]
[SourceDate "2022.10.02"]

1. f4 c5 2. Nf3 Nc6 3. g3 g6 4. Bg2 Bg7 5. d3 e6 6. e4 Nge7 7. O-O O-O 8. Nc3
d6 9. Rb1 Rb8 10. Ne2 e5 11. h3 f5 12. Be3 b6 13. Kh2 d5 14. Nxe5 Nxe5 15. fxe5
Bxe5 16. Bf4 Qd6 17. exd5 Nxd5 18. Bxd5+ Qxd5 19. Bxe5 Qxe5 20. Nf4 Qd6 21. Qe2
Bd7 22. Rbe1 Rbe8 23. Qf2 Re5 24. c3 Rfe8 25. Rxe5 Qxe5 26. d4 cxd4 27. Qxd4
Qxd4 28. cxd4 g5 29. Nd5 Re2+ 30. Kg1 Kf7 31. Rf2 Re1+ 32. Rf1 Re4 33. Nc3 Rxd4
34. Rf2 Kg6 0-1

[Event "Oberhausen- Dortmund"]
[Site "?"]
[Date "2023.02.26"]
[Round "5.5"]
[White "Meinicke, Thorsten"]
[Black "Matthes, Severin"]
[Result "0-1"]
[WhiteElo "1778"]
[BlackElo "1870"]
[PlyCount "120"]
[SourceDate "2022.10.02"]

1. d4 d5 2. c4 e6 3. Nc3 Nf6 4. Bg5 Be7 5. Nf3 O-O 6. e3 b6 7. cxd5 Nxd5 8.
Bxe7 Qxe7 9. Qb3 Bb7 10. Be2 Nd7 11. O-O Rac8 12. Rac1 c5 13. Qa3 cxd4 14. Qxe7
Nxe7 15. exd4 Nf6 16. Ne5 Rfd8 17. Rfd1 Nf5 18. Bf3 Bxf3 19. Nxf3 Kf8 20. h3
Rc4 21. Ne2 Rdc8 22. g4 Nd6 23. b3 Rc2 24. Rxc2 Rxc2 25. Rd2 Rc8 26. Ng3 Nd5
27. Ne5 f6 28. Nd3 Nb5 29. Ne2 g5 30. Kg2 Ke7 31. f4 h6 32. Kf3 Kd7 33. a4 Nbc3
34. fxg5 hxg5 35. Ng3 Nb1 36. Rb2 Na3 37. Ne4 Nc2 38. Ndc5+ bxc5 39. Nxc5+ Rxc5
40. dxc5 Ndb4 41. Rb1 Kc6 42. Rd1 Nd5 43. Rd2 Ncb4 44. Kg3 Kxc5 45. h4 gxh4+
46. Kxh4 e5 47. g5 fxg5+ 48. Kxg5 e4 49. Rd1 e3 50. Rc1+ Kd4 51. Kg4 e2 52. Re1
Ke3 53. Kf5 Nd3 54. Rxe2+ Kxe2 55. Ke6 N3b4 56. Kd6 Kd3 57. Kc5 a6 58. a5 Kc3
59. Kd6 Kxb3 60. Kc5 Ka4 0-1

[Event "Oberhausen- Dortmund"]
[Site "?"]
[Date "2023.02.26"]
[Round "5.6"]
[White "Hortolani, Holger"]
[Black "Wolff, Torsten"]
[Result "1-0"]
[WhiteElo "2135"]
[BlackElo "1994"]
[PlyCount "79"]
[SourceDate "2022.10.02"]

1. Nf3 d5 2. g3 e6 3. Bg2 Nf6 4. O-O Be7 5. c4 O-O 6. d4 b6 7. Nc3 Bb7 8. cxd5
exd5 9. Bf4 Nh5 10. Bc1 Nf6 11. b3 a6 12. Bb2 Nc6 13. Rc1 Na7 14. Ne5 Rc8 15.
Na4 Qd6 16. Bh3 Rb8 17. Qc2 Bc8 18. Bg2 Bd8 19. Rfd1 Re8 20. Qd3 Qe6 21. e3 Bb7
22. Rc2 Nd7 23. Nxd7 Qxd7 24. Rdc1 Nc6 25. Qd2 Ne7 26. Bf1 Nf5 27. Bh3 g6 28.
Qd3 Bc8 29. Ba3 Qe6 30. Rc6 Qe4 31. Qxe4 dxe4 32. Nxb6 Nxd4 33. Nxc8 Nxc6 34.
Bd7 Ne7 35. Bxe8 Rxc8 36. Bd7 Rb8 37. Bxe7 Bxe7 38. Rxc7 Bd6 39. Ra7 Rd8 40.
Bc6 1-0

[Event "Oberhausen- Dortmund"]
[Site "?"]
[Date "2023.02.26"]
[Round "5.7"]
[White "Meinschien, Finn"]
[Black "Barutta, Larissa"]
[Result "1-0"]
[WhiteElo "1824"]
[BlackElo "1595"]
[PlyCount "71"]
[SourceDate "2022.10.02"]

1. e4 e6 2. d4 d5 3. Nc3 Bb4 4. e5 c5 5. a3 Ba5 6. b4 cxb4 7. Nb5 Bc7 8. Qg4
Kf8 9. axb4 Nc6 10. Ba3 Nh6 11. Qf4 Ne7 12. Nf3 Bd7 13. g4 Bxb5 14. Bxb5 a6 15.
Bd3 b5 16. Ke2 Ng6 17. Qg3 Bb6 18. h4 Qc8 19. Bc1 Ke8 20. h5 Ne7 21. Bxh6 gxh6
22. Ra3 Nc6 23. c3 Kd7 24. Qf4 Qf8 25. Rha1 Qg7 26. Rxa6 Rxa6 27. Rxa6 Kc7 28.
Bxb5 Kb7 29. Ra1 Na7 30. Bd3 Kc6 31. Qf6 Qf8 32. Rg1 Bd8 33. Qf4 Nc8 34. Qd2
Nb6 35. Qa2 Qg7 36. Qa6 1-0

[Event "Oberhausen- Dortmund"]
[Site "?"]
[Date "2023.02.26"]
[Round "5.8"]
[White "Hellmann, Thomas"]
[Black "Lamers, Ludwig"]
[Result "1/2-1/2"]
[WhiteElo "1771"]
[BlackElo "1734"]
[PlyCount "105"]
[SourceDate "2022.10.02"]

1. c4 Nf6 2. g3 e6 3. Bg2 d5 4. Nf3 c5 5. cxd5 exd5 6. d4 Nc6 7. O-O b6 8. Nc3
Bb7 9. Bg5 Be7 10. dxc5 Bxc5 11. Nxd5 Qxd5 12. Bxf6 Qxd1 13. Rfxd1 gxf6 14. Nh4
Rb8 15. a3 a5 16. Nf5 O-O 17. Rd7 Nd8 18. b4 Bc8 19. Ne7+ Bxe7 20. Rxe7 axb4
21. axb4 Bb7 22. Bxb7 Rxb7 23. Rxb7 Nxb7 24. Ra6 Rd8 25. Rxb6 Rd1+ 26. Kg2 Nd6
27. Rc6 Kf8 28. Rc5 Rd4 29. b5 Rb4 30. Rc6 Nxb5 31. Rxf6 Nc7 32. Rc6 Ne6 33.
Rc2 Kg7 34. Ra2 Re4 35. h4 h5 36. Kf3 Re5 37. Rd2 Kg6 38. Rd6 Kf5 39. Rd7 f6
40. Rd2 Kg6 41. Rd7 f5 42. Rd6 Kf7 43. Rd7+ Kf6 44. Rd6 Ke7 45. Rd2 Re4 46. e3
Kf6 47. Rc2 Ra4 48. Rc8 Ra2 49. Rc4 Ng7 50. e4 Ra3+ 51. Kg2 fxe4 52. Rxe4 Ra2
53. g4 1/2-1/2

[Event "Günnigfeld- Katernberg 4"]
[Site "?"]
[Date "2023.02.26"]
[Round "5.2"]
[White "Jaennekes, Oliver"]
[Black "Berresheim, Nils"]
[Result "1/2-1/2"]
[WhiteElo "1923"]
[BlackElo "1797"]
[PlyCount "41"]
[SourceDate "2022.10.02"]

1. d4 Nf6 2. c4 g6 3. Nc3 Bg7 4. e4 d6 5. Be2 O-O 6. Bg5 Nbd7 7. Qd2 c5 8. d5
a6 9. Nf3 Re8 10. h3 Rb8 11. O-O b5 12. cxb5 axb5 13. Bxb5 Nxe4 14. Nxe4 Rxb5
15. Nxd6 Rxb2 16. Qe1 Ba6 17. Nxe8 Qxe8 18. Qxe7 Qxe7 19. Bxe7 Bxf1 20. Kxf1 c4
21. Rc1 1/2-1/2

[Event "Günnigfeld- Katernberg 4"]
[Site "?"]
[Date "2023.02.26"]
[Round "5.3"]
[White "Jahrke, Jonas"]
[Black "Markus, Peter"]
[Result "1/2-1/2"]
[WhiteElo "1790"]
[BlackElo "1843"]
[PlyCount "55"]
[SourceDate "2022.10.02"]

1. d4 d5 2. c4 e6 3. Nf3 Nf6 4. g3 Bb4+ 5. Bd2 Be7 6. Bg2 c6 7. cxd5 exd5 8.
Nc3 O-O 9. O-O Ne4 10. Bf4 f5 11. Ne5 Nd7 12. Nxe4 fxe4 13. Qb3 Nxe5 14. Bxe5
Kh8 15. f3 exf3 16. Rxf3 Rxf3 17. Qxf3 Be6 18. Rf1 Qd7 19. Qd3 Rf8 20. Rxf8+
Bxf8 21. e4 Kg8 22. b3 Qf7 23. exd5 Bxd5 24. Bxd5 Qxd5 25. Qc4 Kf7 26. Qxd5+
cxd5 27. Kf2 Ke6 28. Ke3 1/2-1/2

[Event "Günnigfeld- Katernberg 4"]
[Site "?"]
[Date "2023.02.26"]
[Round "5.4"]
[White "Radi, Guenter"]
[Black "Mamikonyan, Davit"]
[Result "0-1"]
[WhiteElo "1837"]
[BlackElo "1840"]
[PlyCount "106"]
[SourceDate "2022.10.02"]

1. d4 e6 2. c4 Nf6 3. Nc3 d5 4. Nf3 Bb4 5. Bg5 h6 6. Bxf6 Qxf6 7. e3 O-O 8. Bd3
dxc4 9. Bxc4 c5 10. O-O cxd4 11. Nb5 Nc6 12. Nbxd4 Nxd4 13. Qxd4 Be7 14. Qd2
Rd8 15. Qe2 b6 16. Rfd1 Bb7 17. b3 Rac8 18. Rab1 Qg6 19. Ne1 Bb4 20. f3 Bxe1
21. Rxd8+ Rxd8 22. Rxe1 Qg5 23. a4 Qe5 24. e4 Qd4+ 25. Qe3 e5 26. Qxd4 Rxd4 27.
Kf2 Kf8 28. Ke3 g5 29. h3 h5 30. Rc1 f6 31. Bb5 a6 32. Bc4 Ke7 33. Bd3 Kd6 34.
g3 Kd7 35. Rh1 f5 36. exf5 Bxf3 37. Rc1 g4 38. h4 Rb4 39. Bc4 b5 40. axb5 axb5
41. Be6+ Ke7 42. Ra1 Re4+ 43. Kd3 Rd4+ 44. Ke3 Re4+ 45. Kf2 Re2+ 46. Kf1 e4 47.
Ra7+ Kf6 48. Ra6 Rb2 49. Bd7+ Ke5 50. f6 e3 51. Re6+ Kd4 52. Rd6+ Kc5 53. Rc6+
Kb4 0-1

[Event "Günnigfeld- Katernberg 4"]
[Site "?"]
[Date "2023.02.26"]
[Round "5.5"]
[White "Riesenbeck, Juergen"]
[Black "Bender, Markus"]
[Result "1-0"]
[WhiteElo "1927"]
[BlackElo "1849"]
[PlyCount "27"]
[SourceDate "2022.10.02"]

1. e4 c5 2. c3 d5 3. exd5 Qxd5 4. Nf3 e5 5. Bb5+ Nc6 6. Qe2 e4 7. d3 Nf6 8.
Nbd2 Bf5 9. Bc4 Qd7 10. dxe4 Bg4 11. h3 Bh5 12. O-O Bd6 13. e5 Nxe5 14. Bb5 1-0

[Event "Günnigfeld- Katernberg 4"]
[Site "?"]
[Date "2023.02.26"]
[Round "5.6"]
[White "Bauer, Matthias"]
[Black "Sikorski, Thomas"]
[Result "0-1"]
[WhiteElo "1712"]
[BlackElo "1693"]
[PlyCount "52"]
[SourceDate "2022.10.02"]

1. d4 c6 2. f4 d6 3. Nf3 Bg4 4. e3 Nd7 5. c3 Qc7 6. Bd3 e5 7. O-O Ngf6 8. Qc2
Be7 9. Nbd2 Bxf3 10. Nxf3 exf4 11. exf4 O-O 12. b3 d5 13. Ne5 Rfe8 14. Bd2 Nf8
15. Rf3 Bd6 16. Re1 c5 17. Be3 cxd4 18. Bxd4 Bc5 19. Qf2 Bxd4 20. Qxd4 Ng4 21.
Re2 Ne6 22. Qxd5 Rad8 23. Qc4 Qb6+ 24. Kh1 Rc8 25. Qb4 Qxb4 26. cxb4 Rc1+ 0-1

[Event "Günnigfeld- Katernberg 4"]
[Site "?"]
[Date "2023.02.26"]
[Round "5.7"]
[White "Wolff, Michael"]
[Black "Evers, Klaus"]
[Result "1/2-1/2"]
[WhiteElo "1700"]
[BlackElo "1667"]
[PlyCount "68"]
[SourceDate "2022.10.02"]

1. c4 e5 2. Nc3 b6 3. e4 Nf6 4. g3 Be7 5. Bg2 d6 6. Nge2 Bb7 7. O-O O-O 8. d3
Nbd7 9. f4 g6 10. f5 Kg7 11. h3 h5 12. Be3 Nh7 13. g4 hxg4 14. hxg4 Bg5 15. Qd2
Bxe3+ 16. Qxe3 c6 17. b4 Qh4 18. Qg3 Qxg3 19. Nxg3 Ndf6 20. Bf3 Ng5 21. Kf2 Rh8
22. Rh1 Nh3+ 23. Ke3 Rh7 24. Rh2 Rah8 25. Rah1 Ng5 26. Rxh7+ Rxh7 27. Rxh7+
Ngxh7 28. Nh1 Kh6 29. Nf2 Kg5 30. a4 Kh4 31. b5 c5 32. Ne2 Ng5 33. Ng1 Ngh7 34.
Ne2 Ng5 1/2-1/2